ბათუმის შოთა რუსთაველის სახელმწიფო უნივერსიტეტის ბიბლიოთეკა

ქართული ენა. 3 კლ. (ბიბ.ჩანაწერი № 53406)

000 -LEADER
fixed length control field 00800nam a2200241Ia 4500
001 - CONTROL NUMBER
control field 20449
003 - CONTROL NUMBER IDENTIFIER
control field GE_BSU
008 - FIXED-LENGTH DATA ELEMENTS--GENERAL INFORMATION
fixed length control field 181216s||||||||xx |||||||||||||| ||und||
040 ## - CATALOGING SOURCE
Transcribing agency GE_BSU
080 ## - UNIVERSAL DECIMAL CLASSIFICATION NUMBER
Universal Decimal Classification number 811.353.1-8(075.3)
100 ## - MAIN ENTRY--PERSONAL NAME
Personal name ბოცვაძე, ზ. ბურჯანაძე, თ.
245 ## - TITLE STATEMENT
Title ქართული ენა. 3 კლ.
245 ## - TITLE STATEMENT
Remainder of title მე-3 კლასის სახელმძღვანელო
245 ## - TITLE STATEMENT
Statement of responsibility, etc. რედ. მ. ასათიანი
260 ## - PUBLICATION, DISTRIBUTION, ETC.
Place of publication, distribution, etc. თბილისი
260 ## - PUBLICATION, DISTRIBUTION, ETC.
Name of publisher, distributor, etc. შპს ფორმა
260 ## - PUBLICATION, DISTRIBUTION, ETC.
Date of publication, distribution, etc. 2000
300 ## - PHYSICAL DESCRIPTION
Extent 136გვ. 21 სმ.
653 ## - INDEX TERM--UNCONTROLLED
Uncontrolled term მე-3 კლასის სახელმძღვანელო
653 ## - INDEX TERM--UNCONTROLLED
Uncontrolled term ქართული ენა
942 ## - ADDED ENTRY ELEMENTS (KOHA)
Koha item type წიგნი
ეგზემპლარები
Withdrawn status Lost status Damaged status Not for loan Date acquired Barcode Date last seen Price effective from Koha item type
        2018-12-17 53447 2018-12-17 2018-12-17 წიგნი